ՀՀ Գիտությունների ազգային ակադեմիայի հիմնարար գիտական գրադարան  =   Fundamental Scientific Library of NAS RA

Ջելսոմինոն խաբեբաների աշխարհում : (Record no. 82781)

MARC details
000 -LEADER
fixed length control field 00977nam a2200205 u 4500
001 - CONTROL NUMBER
control field 000234330
003 - CONTROL NUMBER IDENTIFIER
control field AM-YeHGA
005 - DATE AND TIME OF LATEST TRANSACTION
control field 20250618071602.0
008 - FIXED-LENGTH DATA ELEMENTS--GENERAL INFORMATION
fixed length control field 030612s1990 ai r 000 0 arm d
020 ## - INTERNATIONAL STANDARD BOOK NUMBER
International Standard Book Number 5807702026
040 ## - CATALOGING SOURCE
Original cataloging agency AM-YeHGA
090 ## - LOCALLY ASSIGNED LC-TYPE CALL NUMBER (OCLC); LOCAL CALL NUMBER (RLIN)
-- 84054
245 10 - TITLE STATEMENT
Title Ջելսոմինոն խաբեբաների աշխարհում :
Remainder of title [Հեքիաթ-վիպակ] /
Statement of responsibility, etc. Ջ. Ռոդարի; Ռուս. թարգմ.՝ Ս. Հարությունյան; Խմբ.՝ Խ.Թ. Հրաչյան; Նկ.՝ Խ.Զ. Հակոբյան.
260 ## - PUBLICATION, DISTRIBUTION, ETC.
Place of publication, distribution, etc. Երևան :
Name of publisher, distributor, etc. Արևիկ,
Date of publication, distribution, etc. 1990.
300 ## - PHYSICAL DESCRIPTION
Extent 136 էջ :
Other physical details նկ. ;
Dimensions 22 սմ.
650 14 - SUBJECT ADDED ENTRY--TOPICAL TERM
Topical term or geographic name entry element Իտալական մանկական գրականություն
General subdivision Հեքիաթ
700 1# - ADDED ENTRY--PERSONAL NAME
Personal name Հարությունյան, Սաղաթել Մամիկոնի,
Dates associated with a name 1921-2005
Relator term թարգմ.
Relationship trl
9 (RLIN) 1189
700 1# - ADDED ENTRY--PERSONAL NAME
Personal name Հրաչյան, Խաչիկ Թադևոսի,
Dates associated with a name 1912-1989
Relator term խմբ.
Relationship edt
9 (RLIN) 1925
700 1# - ADDED ENTRY--PERSONAL NAME
Personal name Հակոբյան, Խորեն Զավենի,
Dates associated with a name 1945-
Relator term խմբ.
Relationship edt
9 (RLIN) 3428
Holdings
Withdrawn status Lost status Damaged status Not for loan Collection Home library Current library Date acquired Total checkouts Full call number Barcode Date last seen Copy number Price effective from Koha item type Public note
        General Fundamental Scientific Library Fundamental Scientific Library 22/12/2016   AII/82365 220082365 22/12/2016 850-93 22/12/2016 Գրքեր / Books 30 Days Loan
        General Fundamental Scientific Library Fundamental Scientific Library 22/12/2016   AII/83830 FL0259302 22/12/2016 850-93 22/12/2016 Գրքեր / Books 30 Days Loan


ՀՀ ԳԱԱ հիմնարար գիտական գրադարան
ՀՀ,Երևան 0019
Մարշալ Բաղրամյան 24/6
հեռախոս:(374-10) 52-47-50
Հետադարձ կապ

All site content, except where otherwise noted, is licensed under a
Creative Commons License